| 000 | 00813nam a2200205Ia 4500 | ||
|---|---|---|---|
| 003 | GCL | ||
| 005 | 20240530102524.0 | ||
| 008 | 140319s9999 xx 000 0 ara d | ||
| 020 | _a9305235977 | ||
| 040 |
_aGCL / _cGCL |
||
| 082 | 0 | 4 |
_a723.3 _b _bق/ع د |
| 100 | 1 | _aعاصم محمد رزق | |
| 245 | 1 | 0 |
_aدراسات فى العمارة الاسلامية : _bمجموعة ابن مزهر المعمارية بالقاهرة 884هـ \ 1479م دراسة اثرية معمارية / _cعاصم محمد رزق |
| 260 |
_aالقاهرة : _bالمجلس الاعلى للاثار ، _c1995 |
||
| 300 |
_a222 ص ؛ _c30 سم |
||
| 650 | 0 | 4 | _aالعمارة الاسلامية |
| 650 | 0 | 4 | _aالزخرفة المعمارية |
| 650 | 0 | 4 | _aالقاهرة - الاثار الاسلامية |
| 942 |
_2ddc _cBK |
||
| 999 |
_c32849 _d32849 |
||